| 000 | 01128nam a2200313 i 4500 | ||
|---|---|---|---|
| 003 | DO-SdBNP | ||
| 005 | 20230720112452.0 | ||
| 007 | ta | ||
| 008 | 230720b2002 dr ||||| |||| 00| 0 spa d | ||
| 020 | _a9993425311 | ||
| 040 |
_aDO-SdBNP _bspa _cBNPHU _erda |
||
| 082 | 4 | _222 | |
| 100 | _983804 | ||
| 245 | 0 | 0 |
_aRegulación de las organizaciones de la sociedad civil : _blegislación y propuestas / _cBethania Leger...[et al]. ; edición, Guadalupe Valdez ; corrección de estilo, Radamés Martínez |
| 264 | 1 |
_aSanto Domingo : _bINTEC _bBID, _c2002. |
|
| 300 |
_a101 páginas ; _c28 cm. |
||
| 336 |
_2rdacontent _atexto _btxt |
||
| 337 |
_2rdamedia _asin mediación _bn |
||
| 338 |
_2rdacarrier _avolumen _bnc |
||
| 490 | _aSociedad civil | ||
| 490 |
_aDocumentos de trabajo _v14 |
||
| 500 | _aTemática. OSC: Diálogo y necesidades de capacitación | ||
| 500 | _aPrograma de fortalecimiento de organizaciones de la sociedad civil | ||
| 590 | _aInventariado, 2023/BT | ||
| 700 | 1 |
_aValdez, Guadalupe, _eedición _914014 |
|
| 700 | 1 |
_aFernández, Antonio, _ecorrección _922068 |
|
| 910 | _aBtavárez | ||
| 942 |
_2ddc _cLBS1 |
||
| 999 |
_c54218 _d54218 |
||